000 00374nam a2200145Ia 4500
008 150301s2014 xx 000 0 und d
082 _a612.015
_bL14F
100 _aFERRIER, DENISE R.
245 _aLIPPINCOTT'S ILLUSTRATED REVIEWS BIOCHEMISTRY
250 _a6TH
260 _bWOLTERS KLUWER
_aINDIA
_c2014
300 _a552
650 _aBIOCHEMISTRY
942 _2ddc
_cBK
_063
999 _c6726
_d6726